000 00549nam a22002177a 4500
999 _c2034
_d2034
003 SLTCLib
008 260612b ce ||||| |||| 00| 0 eng d
020 _a9781447160250
041 _aEnglish
080 _a62-1
_bPAH
100 _aPahl, G.
_93597
245 _aEngineering Design
_bA systematic Approach
250 _a3rd ed.
260 _aLondon
_bSpringer
_c2007
300 _a617p.
650 0 _92000
_a Engineering design
700 _93594
_aBeitz, W
700 _93595
_aFeldhusen, J.
700 _93596
_aGrote, K.H.
942 _2ddc
_cMRE
945 _a3725
_bIshara wickramage
_c3725
_dIshara wickramage